000 02519nkc a2200337za 4500
001 84536
003 OSt
005 20260421095224.0
007 kh boc
008 250410s19021933sp ||||| ||||||0| i|spa d
040 _cM-RABA
_aM-RABA
_bspa
100 _aGómez Rodríguez, Enrique
_d(1867-1934)
_9111179
245 1 1 _a[Iglesia de San Pedro de Villanueva, Cangas de Onís
_b: ábsides, restos del antiguo claustro románico, fachada principal, ángulo de la capilla mayor]
_c/ Enrique Gómez Rodríguez
_h[Material gráfico]
260 _c[1902 – 1933]
300 _a4 fotografías
_b: platinotipo
_c; imagen 16,5 x 12,5 cm
_c; soporte secundario 29 x 22,5 cm
500 _aConjunto de cuatro fotografías que representan diferentes partes de la iglesia de San Pedro de Villanueva, en Cangas de Onís, Asturias.
500 _aLas fotografías están montadas sobre cartón ilustrado con motivos vegetales de estilo modernista, coloreados y con aplicaciones en dorado.
500 _aIdentificación del autor esta basada en el soporte secundario, ya que pertenece a la misma serie de la signatura Fot-523.
500 _aAnotaciones manuscritas a tinta sobre el soporte secundario de cartón, indicando la localización donde fue tomada la fotografía.
500 _aFechas tomadas de los años de producción del fotógrafo.
505 _aFot-589. "S.Pedro de Villanueva. Restos del antiguo claustro románico" -- Fot-590. "S.Pedro de Villanueva. Ábside" -- Fot-591. "S.Pedro de Villanueva. Fachada principal" -- Fot-592. "S.Pedro de Villanueva. (Cangas de Onis). Ángulo de la capilla mayor"
610 2 7 _aIglesia de San Pedro (Villanueva, España)
_927023
651 7 _aAsturias (Comunidad Autónoma)
_2embne
_zCangas de Onís
655 0 _aFotografías de monumentos
_9111580
852 _jFot-589 ; Fot-590 ; Fot-591 ; Fot-592
856 _3Fot-589
_uhttps://archivoybiblioteca.realacademiabellasartessanfernando.com/cgi-bin/koha/opac-retrieve-file.pl?id=0bee1ae23af18ccf7f61eafe0ccf3909
856 _3Fot-590
_uhttps://archivoybiblioteca.realacademiabellasartessanfernando.com/cgi-bin/koha/opac-retrieve-file.pl?id=0cb5d0c2f051473b02e3dc5d5cf89996
856 _3Fot-591
_uhttps://archivoybiblioteca.realacademiabellasartessanfernando.com/cgi-bin/koha/opac-retrieve-file.pl?id=82ea16e2f8e1f968e898b7581cbcdfd4
856 _3Fot-592
_uhttps://archivoybiblioteca.realacademiabellasartessanfernando.com/cgi-bin/koha/opac-retrieve-file.pl?id=4b48d5063184db256217d60f141acb26
942 _2ddc
_cFOTOGRAFÍA
_n0
999 _c84536
_d84536